书目信息 |
| 题名: |
2008年法律硕士联考考试大纲重要知识点深度解析及模拟试卷
|
|
| 作者: | ;法硕联考命题研究组 编 | |
| 分册: | ||
| 出版信息: | 北京 中国人民大学出版社 2007 |
|
| 页数: | 708页 | |
| 开本: | 26cm | |
| 丛书名: | ||
| 单 册: | ||
| 中图分类: | D9 | |
| 科图分类: | ||
| 主题词: | 法律--研究生--入学考试--自学参考资料 | |
| 电子资源: | ||
| ISBN: | 978-7-300-04864-2 | |
| 000 | 01009nam0 2200265 450 | |
| 001 | 012004178443 | |
| 005 | 20080306160304.34 | |
| 009 | 012004178443 | |
| 010 | @a978-7-300-04864-2@dCNY78.00 | |
| 035 | @a(110120)012007038842 | |
| 100 | @a20071015d2007 em y0chiy0110 ea | |
| 101 | 0 | @achi |
| 102 | @aCN@b110000 | |
| 105 | @ay q 000yy | |
| 106 | @ar | |
| 200 | 1 | @a2008年法律硕士联考考试大纲重要知识点深度解析及模拟试卷@A2008 nian fa lv shuo shi lian kao kao shi da gang chong yao zhi shi dian shen du jie xi ji mo ni shi juan@f法硕联考命题研究组[编] |
| 205 | @a5版 | |
| 210 | @a北京@c中国人民大学出版社@d2007 | |
| 215 | @a708页@d26cm | |
| 330 | @a选取联考考试大纲中最重要的知识点进行详细和深入的解析,在解析的过程中配以生动的案例或典型的试题,以例为证,达到既容易又深刻地理解疑难点的目的。 | |
| 606 | 0 | @a法律@x研究生@x入学考试@j自学参考资料 |
| 690 | @aD9@v4 | |
| 711 | 02 | @a法硕联考命题研究组@Afa shuo lian kao ming ti yan jiu zu@4编 |
| 801 | 0 | @aCN@b110120@c20080306 |
| 905 | @dD9@e414=5@f10 | |
| 2008年法律硕士联考考试大纲重要知识点深度解析及模拟试卷/法硕联考命题研究组[编].-5版.-北京:中国人民大学出版社,2007 |
| 708页;26cm |
| ISBN 978-7-300-04864-2:CNY78.00 |
| 选取联考考试大纲中最重要的知识点进行详细和深入的解析,在解析的过程中配以生动的案例或典型的试题,以例为证,达到既容易又深刻地理解疑难点的目的。 |
| ● |
| 相关链接 |
|
|
|
|
正题名:2008年法律硕士联考考试大纲重要知识点深度解析及模拟试卷
索取号:D9/414=5
 
预约/预借
| 序号 | 登录号 | 条形码 | 馆藏地/架位号 | 状态 | 备注 |
| 1 | 0792763 | 207927635 | 第一样本阅览室/ [索取号:D9/414=5] | 在馆 | |
| 2 | 0792764 | 207927644 | 第一借阅区/ [索取号:D9/414=5] | 在馆 | |
| 3 | 0792765 | 207927653 | 第一借阅区/ [索取号:D9/414=5] | 在馆 | |
| 4 | 0792766 | 207927662 | 第一借阅区/ [索取号:D9/414=5] | 在馆 | |
| 5 | 0792767 | 207927671 | 第一借阅区/ [索取号:D9/414=5] | 在馆 | |
| 6 | 0792768 | 207927680 | 第一借阅区/ [索取号:D9/414=5] | 在馆 | |
| 7 | 0792769 | 207927699 | 第一借阅区/ [索取号:D9/414=5] | 在馆 | |
| 8 | 0792770 | 207927706 | 第一借阅区/ [索取号:D9/414=5] | 在馆 | |
| 9 | 0792771 | 207927715 | 第一借阅区/ [索取号:D9/414=5] | 在馆 | |
| 10 | 0792772 | 207927724 | 第一借阅区/ [索取号:D9/414=5] | 在馆 |